00366nam a2200157Ia 4500003000400000005001700004008004100021020001800062040000700080041000800087082001600095100001500111245003000126260003700156650001500193OSt20260218095620.0250729s2022 xx 000 0 und d a5551234112000 cAL aeng a370.25 MANG aManjunatha aGender,school and society aMysorebVismaya Prakashanac2022 aPsychology